[Event "WC-2011-F-00005"]
[Site "LSS email"]
[Date "2011.11.23"]
[Round "?"]
[White "Feldmann, Guido"]
[Black "Schwarte, Joachim"]
[Result "0-1"]
[WhiteElo "2025"]
[BlackElo "2083"]
[PlyCount "30"]
[EventDate "2011.12.01"]
[EventType "tourn (corr)"]
[EventRounds "14"]
[EventCountry "GER"]
[SourceTitle "Corr 2015"]
[Source "ChessBase"]
[SourceDate "2015.07.17"]
[SourceVersion "1"]
[SourceVersionDate "2015.07.17"]
[SourceQuality "1"]

1. e4 c5 2. Nf3 Nc6 3. Bb5 Nf6 4. Nc3 Qc7 5. 0-0 Nd4 6. Bd3 e5 7. Bc4 Be7 8. Nd5 Nxd5 9. Bxd5 d6 10. Nxd4 exd4 11. f4 Bd7 12. Qh5 g6 13. Qf3 Be6 14. f5 Bxd5 15. exd5 0-0-0 0-1

[Event "WC-2011-F-00005"]
[Site "LSS email"]
[Date "2011.11.23"]
[Round "?"]
[White "Feldmann, Guido"]
[Black "Simmelink, Joop Theo"]
[Result "0-1"]
[WhiteElo "2025"]
[BlackElo "2259"]
[PlyCount "92"]
[EventDate "2011.12.01"]
[EventType "tourn (corr)"]
[EventRounds "14"]
[EventCountry "GER"]
[SourceTitle "Telechess CBM 163"]
[Source "ChessBase"]
[SourceDate "2014.11.11"]
[SourceVersion "2"]
[SourceVersionDate "2014.11.11"]
[SourceQuality "1"]

1. e4 e5 2. Nf3 Nc6 3. d4 exd4 4. Bc4 Nf6 5. e5 d5 6. Bb5 Ne4 7. Nxd4 Bd7 8. Bxc6 bxc6 9. 0-0 Bc5 10. f3 Ng5 11. Be3 Bb6 12. f4 Ne4 13. c3 0-0 14. Nd2 c5 15. Ne2 Nxd2 16. Qxd2 c6 17. Ng3 f6 18. exf6 Qxf6 19. a4 a5 20. Ne4 Qe7 21. Ng5 Bf5 22. Rae1 Qd6 23. Nf3 Be4 24. Ne5 Bc7 25. g3 Rae8 26. Qf2 Qe6 27. Qd2 c4 28. Bd4 h5 29. Re3 h4 30. Qe2 Bxe5 31. Bxe5 Bd3 32. Rxd3 cxd3 33. Qxd3 hxg3 34. hxg3 Rf5 35. b4 axb4 36. cxb4 Rh5 37. Qf3 Rh6 38. b5 cxb5 39. axb5 Qb6+ 40. Kg2 Qxb5 41. Rd1 Rd8 42. Bd4 Qc4 43. Qd3 Qc6 44. Kg1 Qe6 45. Qf3 Qf5 46. Bf2 d4 0-1

[Event "WC-2011-F-00005"]
[Site "LSS email"]
[Date "2011.11.23"]
[Round "?"]
[White "Markus, Roland"]
[Black "Feldmann, Guido"]
[Result "1-0"]
[WhiteElo "2232"]
[BlackElo "2025"]
[PlyCount "55"]
[EventDate "2011.12.01"]
[EventType "tourn (corr)"]
[EventRounds "14"]
[EventCountry "GER"]
[SourceTitle "Telechess CBM 163"]
[Source "ChessBase"]
[SourceDate "2014.11.11"]
[SourceVersion "2"]
[SourceVersionDate "2014.11.11"]
[SourceQuality "1"]

1. e4 c5 2. Nf3 Nf6 3. Nc3 d5 4. exd5 Nxd5 5. Bb5+ Bd7 6. Ne5 Bxb5 7. Qf3 f6 8. Nxb5 fxe5 9. Qxd5 Qxd5 10. Nc7+ Kf7 11. Nxd5 Nc6 12. Nc3 g6 13. b3 Nd4 14. Kd1 Bg7 15. Ne4 b6 16. d3 Ne6 17. h4 h6 18. a4 Rhd8 19. h5 g5 20. f3 Rac8 21. Ke2 Nd4+ 22. Kd2 Ne6 23. Ba3 a6 24. Ke2 b5 25. axb5 axb5 26. Kf2 c4 27. dxc4 bxc4 28. b4 1-0

[Event "WC-2011-F-00005"]
[Site "LSS email"]
[Date "2011.11.23"]
[Round "?"]
[White "Salzmann, Stefan"]
[Black "Feldmann, Guido"]
[Result "1-0"]
[WhiteElo "2085"]
[BlackElo "2025"]
[PlyCount "32"]
[EventDate "2011.12.01"]
[EventType "tourn (corr)"]
[EventRounds "14"]
[EventCountry "GER"]
[SourceTitle "Corr 2015"]
[Source "ChessBase"]
[SourceDate "2015.07.17"]
[SourceVersion "1"]
[SourceVersionDate "2015.07.17"]
[SourceQuality "1"]

1. d4 d5 2. c4 c6 3. Nf3 Nf6 4. Nc3 dxc4 5. a4 Bg4 6. Ne5 Bh5 7. f3 Nfd7 8. Nxc4 e5 9. e4 Qh4+ 10. g3 Qf6 11. dxe5 Qxf3 12. Nd6+ Kd8 13. Qxf3 Bxf3 14. Nxf7+ Ke8 15. e6 Nc5 16. Rg1 Rg8 1-0

[Event "CP-2011-P-00061"]
[Site "LSS email"]
[Date "2011.09.30"]
[Round "?"]
[White "Feldmann, Guido"]
[Black "Barbosa, Sergio Goncalves"]
[Result "0-1"]
[WhiteElo "2024"]
[BlackElo "1913"]
[PlyCount "55"]
[EventDate "2011.10.01"]
[EventType "tourn (corr)"]
[EventRounds "6"]
[EventCountry "GER"]
[SourceTitle "Telechess CBM 157"]
[Source "ChessBase"]
[SourceDate "2013.11.12"]
[SourceVersion "1"]
[SourceVersionDate "2013.11.12"]
[SourceQuality "1"]

1. e4 e5 2. Nf3 Nc6 3. d4 exd4 4. Nxd4 Bc5 5. Nxc6 Qf6 6. Qf3 Qxf3 7. gxf3 dxc6 8. Bf4 Bd6 9. Be3 Be6 10. Nd2 Nf6 11. Nc4 Be7 12. 0-0-0 Nd7 13. Rg1 g6 14. Be2 b6 15. Bd4 f6 16. f4 0-0-0 17. b3 Nc5 18. f3 Kb7 19. Be3 Rhe8 20. c3 a5 21. Kc2 Ra8 22. h4 Bf8 23. h5 gxh5 24. f5 Bf7 25. Nd2 b5 26. a4 bxa4 27. bxa4 Nxa4 28. Bd4 0-1

[Event "CP-2011-P-00061"]
[Site "LSS email"]
[Date "2011.09.30"]
[Round "?"]
[White "Feldmann, Guido"]
[Black "Stadler, Pavel"]
[Result "1-0"]
[WhiteElo "2024"]
[BlackElo "1243"]
[PlyCount "101"]
[EventDate "2011.10.01"]
[EventType "tourn (corr)"]
[EventRounds "6"]
[EventCountry "GER"]
[SourceTitle "Telechess CBM 157"]
[Source "ChessBase"]
[SourceDate "2013.11.12"]
[SourceVersion "1"]
[SourceVersionDate "2013.11.12"]
[SourceQuality "1"]

1. e4 c5 2. Nf3 d6 3. d4 cxd4 4. Nxd4 Nf6 5. Nc3 a6 6. Bc4 b5 7. Bd5 Nxd5 8. exd5 Bb7 9. 0-0 b4 10. Ne4 Bxd5 11. Re1 e6 12. Bf4 Nc6 13. Qh5 Ne5 14. Bxe5 dxe5 15. Qxe5 Qb6 16. c4 Bxe4 17. Rxe4 0-0-0 18. Nb3 a5 19. Re2 a4 20. Nd2 f6 21. Qe4 Kb8 22. Qc2 Qc6 23. Rae1 e5 24. Nf1 Bc5 25. Rd1 Rxd1 26. Qxd1 Kc7 27. Rd2 Re8 28. Rd5 g6 29. Qd2 Re7 30. Qd3 f5 31. Ne3 e4 32. Qd2 Rd7 33. Rxd7+ Qxd7 34. Nd5+ Kc6 35. g3 a3 36. bxa3 bxa3 37. Kg2 Qb7 38. Qa5 Qa7 39. Qb5+ Kd6 40. Qe8 Qd7 41. Qg8 Kc6 42. h4 Bd4 43. Qb8 Bc5 44. Qa8+ Qb7 45. Qa4+ Kd6 46. Qa5 Qa7 47. Qd8+ Qd7 48. Qf6+ Qe6 49. Qf8+ Kc6 50. Qa8+ Kd7 51. Qb7+ 1-0

[Event "WC-2015-P-00003"]
[Site "LSS email"]
[Date "2011.02.20"]
[Round "?"]
[White "Feldmann, Guido"]
[Black "Czekala, Franciszek"]
[Result "1/2-1/2"]
[WhiteElo "2024"]
[BlackElo "1881"]
[PlyCount "102"]
[EventDate "2011.02.24"]
[EventType "tourn (corr)"]
[EventRounds "6"]
[EventCountry "GER"]
[SourceTitle "Telechess CBM 155"]
[Source "ChessBase"]
[SourceDate "2013.07.16"]
[SourceVersion "1"]
[SourceVersionDate "2013.07.16"]
[SourceQuality "1"]

1. e4 c5 2. Nf3 e6 3. d4 cxd4 4. Nxd4 a6 5. Bd3 Nf6 6. 0-0 Qc7 7. Qe2 d6 8. c4 Be7 9. b3 0-0 10. Bb2 Nbd7 11. Nc3 Ne5 12. Rad1 Qc5 13. Na4 Qc7 14. f4 Nxd3 15. Rxd3 Bd7 16. e5 dxe5 17. fxe5 Ne8 18. Nc3 b5 19. Qe4 Rb8 20. cxb5 axb5 21. Qe3 Qb6 22. Ne4 f6 23. b4 fxe5 24. Rxf8+ Bxf8 25. Nf3 Bc6 26. Bxe5 Qxe3+ 27. Rxe3 Ra8 28. Nd4 Bxe4 29. Rxe4 Bxb4 30. Nxe6 Be7 31. Re2 Kf7 32. Nd4 b4 33. Nc6 Bc5+ 34. Kf1 Rc8 35. Nb8 Be7 36. Nd7 Rc1+ 37. Kf2 Rd1 38. Nb8 Bc5+ 39. Kf3 Nf6 40. g3 Rd3+ 41. Kg2 Nd5 42. Nc6 Ra3 43. Nd8+ Ke7 44. Bd4+ Kxd8 45. Bxc5 Kd7 46. Rb2 Ra4 47. h4 Kc6 48. Bf8 g6 49. Rc2+ Kb6 50. Kf3 Ra3+ 51. Kf2 Nc3 1/2-1/2

[Event "WC-2015-P-00003"]
[Site "LSS email"]
[Date "2011.02.20"]
[Round "?"]
[White "Laine, Jari"]
[Black "Feldmann, Guido"]
[Result "0-1"]
[WhiteElo "1739"]
[BlackElo "2024"]
[PlyCount "56"]
[EventDate "2011.02.24"]
[EventType "tourn (corr)"]
[EventRounds "6"]
[EventCountry "GER"]
[SourceTitle "Telechess CBM 155"]
[Source "ChessBase"]
[SourceDate "2013.07.16"]
[SourceVersion "1"]
[SourceVersionDate "2013.07.16"]
[SourceQuality "1"]

1. e4 e5 2. Nf3 Nc6 3. d4 exd4 4. Nxd4 Bc5 5. Nxc6 Qf6 6. Qf3 bxc6 7. Be2 d6 8. 0-0 Qxf3 9. Bxf3 Ne7 10. Nc3 0-0 11. a3 Ng6 12. Be2 Rb8 13. Rd1 a5 14. g4 Ne5 15. h3 h5 16. gxh5 Bxh3 17. Kh2 Bg4 18. Kg3 Bxe2 19. Nxe2 Nd7 20. Nc3 f5 21. f3 Rf7 22. exf5 Rxf5 23. Rh1 Bd4 24. h6 Rf6 25. h7+ Kh8 26. Bg5 Rf5 27. Bc1 Rbf8 28. f4 g5 0-1

[Event "LSS WC-2010-F-00006"]
[Site "LSS email"]
[Date "2010.11.17"]
[Round "?"]
[White "Borisovs, Leonids"]
[Black "Feldmann, Guido"]
[Result "1/2-1/2"]
[WhiteElo "2237"]
[BlackElo "2024"]
[PlyCount "53"]
[EventDate "2010.11.23"]
[EventType "tourn (corr)"]
[EventRounds "10"]
[EventCountry "GER"]
[SourceTitle "Telechess CBM 155"]
[Source "ChessBase"]
[SourceDate "2013.07.16"]
[SourceVersion "1"]
[SourceVersionDate "2013.07.16"]
[SourceQuality "1"]

1. e4 e5 2. Nf3 Nc6 3. Bb5 a6 4. Ba4 Nf6 5. 0-0 b5 6. Bb3 Bc5 7. c3 d6 8. a4 Bg4 9. h3 Bxf3 10. Qxf3 0-0 11. a5 Rb8 12. d3 b4 13. Bc4 bxc3 14. bxc3 Nd4 15. cxd4 Bxd4 16. Ra2 Rxb1 17. Bg5 Rxf1+ 18. Kxf1 c6 19. Kg1 d5 20. Bxf6 Qxf6 21. Qxf6 gxf6 22. Bxa6 Rb8 23. Rc2 Kg7 24. Rxc6 Rb1+ 25. Kh2 dxe4 26. dxe4 Ra1 27. f3 1/2-1/2

[Event "LSS WC-2010-F-00006"]
[Site "LSS email"]
[Date "2010.11.17"]
[Round "?"]
[White "Feldmann, Guido"]
[Black "Skeels, Jim"]
[Result "1/2-1/2"]
[WhiteElo "2024"]
[BlackElo "2207"]
[PlyCount "47"]
[EventDate "2010.11.23"]
[EventType "tourn (corr)"]
[EventRounds "10"]
[EventCountry "GER"]
[SourceTitle "Telechess CBM 155"]
[Source "ChessBase"]
[SourceDate "2013.07.16"]
[SourceVersion "1"]
[SourceVersionDate "2013.07.16"]
[SourceQuality "1"]

1. e4 c5 2. Nf3 e6 3. Nc3 a6 4. g3 b5 5. d4 cxd4 6. Nxd4 b4 7. Na4 Bb7 8. Bg2 Nf6 9. c4 Bxe4 10. Bxe4 Nxe4 11. 0-0 Nc5 12. Bf4 Nxa4 13. Qxa4 Bc5 14. Rad1 Qc8 15. Rfe1 Nc6 16. Nb3 Be7 17. Bd6 Bxd6 18. Rxd6 0-0 19. Nc5 Nd4 20. Rxd4 Qxc5 21. Red1 e5 22. Rd5 Qxc4 23. Rxe5 Rae8 24. Rxe8 1/2-1/2

[Event "LSS WC-2010-F-00006"]
[Site "LSS email"]
[Date "2010.11.17"]
[Round "?"]
[White "Mauro, Lucio"]
[Black "Feldmann, Guido"]
[Result "1/2-1/2"]
[WhiteElo "2182"]
[BlackElo "2024"]
[PlyCount "59"]
[EventDate "2010.11.23"]
[EventType "tourn (corr)"]
[EventRounds "10"]
[EventCountry "GER"]
[SourceTitle "Telechess CBM 155"]
[Source "ChessBase"]
[SourceDate "2013.07.16"]
[SourceVersion "1"]
[SourceVersionDate "2013.07.16"]
[SourceQuality "1"]

1. e4 c5 2. Nf3 d6 3. d4 cxd4 4. Nxd4 Nf6 5. Nc3 a6 6. Bg5 e6 7. f4 Be7 8. Qf3 Qc7 9. 0-0-0 h6 10. Bh4 Nbd7 11. Be2 b5 12. Bxf6 Nxf6 13. e5 Bb7 14. Qg3 dxe5 15. fxe5 Nd5 16. Nxe6 fxe6 17. Qg6+ Kd7 18. Bg4 Qxe5 19. Nxd5 Qg5+ 20. Nf4+ Kc7 21. Qxe6 Qxf4+ 22. Kb1 Kb8 23. Rd7 Bd8 24. Rxb7+ Kxb7 25. Bf3+ Kb8 26. Bxa8 Kxa8 27. Qxa6+ Kb8 28. Qxb5+ Ka7 29. Rf1 Qxh2 30. Qc5+ 1/2-1/2

[Event "LSS WC-2012-S-00004"]
[Site "LSS email"]
[Date "2009.07.13"]
[Round "?"]
[White "Dutra Neto, Alfredo Carlos S"]
[Black "Feldmann, Guido"]
[Result "1-0"]
[WhiteElo "2507"]
[BlackElo "2177"]
[PlyCount "53"]
[EventDate "2009.07.18"]
[EventType "tourn (corr)"]
[EventRounds "10"]
[EventCountry "GER"]
[SourceTitle "Corr 2011"]
[Source "ChessBase"]
[SourceDate "2010.08.31"]
[SourceVersion "1"]
[SourceVersionDate "2010.08.31"]
[SourceQuality "1"]

1. d4 Nf6 2. c4 c5 3. d5 b5 4. cxb5 a6 5. bxa6 Bxa6 6. Nc3 d6 7. e4 Bxf1 8. Kxf1 g6 9. g3 Bg7 10. Kg2 Nbd7 11. f4 0-0 12. Nf3 Nb6 13. Re1 Nfd7 14. Qc2 Qc7 15. Bd2 Qb7 16. a4 Nc4 17. b3 Nxd2 18. Nxd2 Nb8 19. Rad1 Na6 20. Nc4 Nb4 21. Qd2 Rfd8 22. Nb5 Rab8 23. Qf2 Qa6 24. e5 Rxb5 25. axb5 Qxb5 26. Rf1 Qb8 27. f5 1-0

[Event "LSS WC-2012-S-00004"]
[Site "LSS email"]
[Date "2009.07.13"]
[Round "?"]
[White "Feldmann, Guido"]
[Black "Hrubaru, Mircea"]
[Result "1/2-1/2"]
[WhiteElo "2182"]
[BlackElo "1985"]
[PlyCount "54"]
[EventDate "2009.07.18"]
[EventType "tourn (corr)"]
[EventRounds "10"]
[EventCountry "GER"]
[SourceTitle "Corr 2011"]
[Source "ChessBase"]
[SourceDate "2010.08.31"]
[SourceVersion "1"]
[SourceVersionDate "2010.08.31"]
[SourceQuality "1"]

1. d4 Nf6 2. c4 e6 3. Nf3 d5 4. g3 dxc4 5. Bg2 Bb4+ 6. Bd2 a5 7. Qc2 Bxd2+ 8. Nbxd2 b5 9. a4 c6 10. b3 cxb3 11. Nxb3 0-0 12. 0-0 Ba6 13. Rfd1 bxa4 14. Nc5 Bb5 15. Ne5 Qd6 16. Nc4 Qc7 17. Nxa4 Nbd7 18. e4 Rfb8 19. Ne3 Nb6 20. Nc3 Qc8 21. e5 Nfd5 22. Ne4 a4 23. Nd6 Qd7 24. Be4 Nxe3 25. fxe3 Nd5 26. Ra3 f5 27. Bg2 Qe7 1/2-1/2

[Event "LSS WC-2012-S-00004"]
[Site "LSS email"]
[Date "2009.07.13"]
[Round "?"]
[White "Silkin, Aleksey Vyacheslavo"]
[Black "Feldmann, Guido"]
[Result "1/2-1/2"]
[WhiteElo "2294"]
[BlackElo "2177"]
[PlyCount "67"]
[EventDate "2009.07.18"]
[EventType "tourn (corr)"]
[EventRounds "10"]
[EventCountry "GER"]
[SourceTitle "Corr 2011"]
[Source "ChessBase"]
[SourceDate "2010.08.31"]
[SourceVersion "1"]
[SourceVersionDate "2010.08.31"]
[SourceQuality "1"]

1. d4 Nf6 2. c4 c5 3. d5 e6 4. Nc3 exd5 5. cxd5 d6 6. e4 g6 7. Bd3 Bg7 8. h3 0-0 9. Nf3 b5 10. Nxb5 Re8 11. 0-0 Nxe4 12. Re1 a6 13. Na3 Nf6 14. Rxe8+ Nxe8 15. Bg5 Bf6 16. Qd2 Bb7 17. Re1 Nd7 18. Be4 Rb8 19. Nc4 Bxg5 20. Nxg5 Ndf6 21. Bf3 Nc7 22. Ne4 Nxe4 23. Bxe4 Qf6 24. Re3 Ba8 25. Kf1 a5 26. b3 a4 27. g3 Kg7 28. Kg2 axb3 29. Rxb3 Rxb3 30. axb3 Nb5 31. Qa5 Nc3 32. Nxd6 Qd4 33. Qxa8 Nxe4 34. Nxe4 1/2-1/2

[Event "Berlin op 08"]
[Site "Berlin"]
[Date "2006.08.26"]
[Round "8"]
[White "Sauermann, Andreas"]
[Black "Feldmann, Guido"]
[Result "0-1"]
[WhiteElo "1784"]
[BlackElo "2006"]
[PlyCount "56"]
[EventDate "2006.08.19"]
[EventType "swiss"]
[EventRounds "9"]
[EventCountry "GER"]
[SourceTitle "EXT 2007"]
[Source "ChessBase"]
[SourceDate "2006.11.23"]
[SourceVersion "1"]
[SourceVersionDate "2006.11.23"]
[SourceQuality "1"]

1. e4 c6 2. d4 d5 3. e5 c5 4. c3 Nc6 5. f4 cxd4 6. cxd4 Bf5 7. Nc3 e6 8. Nf3 Bb4 9. a3 Bxc3+ 10. bxc3 Nge7 11. Bd3 0-0 12. 0-0 Qa5 13. Bxf5 Nxf5 14. Bd2 Qa6 15. g4 Nfe7 16. Qc2 g6 17. Kh1 Rac8 18. Rg1 Qe2 19. Rg3 f5 20. exf6 Rxf6 21. g5 Rxf4 22. Re1 Qf2 23. Rg2 Qxf3 24. Bxf4 Qxf4 25. Rxe6 Nxd4 26. Rf6 Qxf6 27. gxf6 Nxc2 28. fxe7 Nxa3 0-1

[Event "IECG WC.2008.S.00008"]
[Site "IECG email"]
[Date "2005.07.17"]
[Round "?"]
[White "Feldmann, Guido"]
[Black "Ottaviani, Mauro"]
[Result "0-1"]
[WhiteElo "2212"]
[BlackElo "2042"]
[PlyCount "24"]
[EventDate "2005.07.17"]
[EventType "tourn (corr)"]
[EventRounds "6"]
[SourceTitle "Corr 2024"]
[Source "ChessBase"]
[SourceDate "2023.10.19"]
[SourceVersion "1"]
[SourceVersionDate "2023.10.19"]
[SourceQuality "1"]

1. d4 d5 2. c4 c6 3. Nf3 e6 4. Nc3 dxc4 5. a4 Bb4 6. e3 b5 7. Bd2 a5 8. axb5 Bxc3 9. Bxc3 cxb5 10. b3 Bb7 11. d5 Nf6 12. bxc4 b4 0-1

[Event "IECG WC.2008.S.00008"]
[Site "IECG email"]
[Date "2005.07.17"]
[Round "?"]
[White "Felicio, Clairton"]
[Black "Feldmann, Guido"]
[Result "1-0"]
[WhiteElo "2346"]
[BlackElo "2212"]
[PlyCount "37"]
[EventDate "2005.07.17"]
[EventType "tourn (corr)"]
[EventRounds "6"]
[SourceTitle "Corr 2008"]
[Source "ChessBase"]
[SourceDate "2008.06.24"]
[SourceVersion "1"]
[SourceVersionDate "2008.06.24"]
[SourceQuality "1"]

1. d4 Nf6 2. c4 e6 3. Nc3 Bb4 4. Qc2 0-0 5. a3 Bxc3+ 6. Qxc3 b6 7. Bg5 Bb7 8. f3 h6 9. Bh4 d5 10. e3 Nbd7 11. cxd5 Nxd5 12. Bxd8 Nxc3 13. Bh4 Nd5 14. Bf2 c5 15. e4 N5f6 16. Rd1 cxd4 17. Bxd4 Rac8 18. Ne2 Rfd8 19. Nc3 1-0

[Event "IECG TE.2004.S.01402"]
[Site "IECG email"]
[Date "2005.05.05"]
[Round "?"]
[White "Amir, Jacob"]
[Black "Feldmann, Guido"]
[Result "1-0"]
[WhiteElo "1300"]
[BlackElo "2212"]
[PlyCount "44"]
[EventDate "2005.05.10"]
[EventType "tourn (corr)"]
[EventRounds "8"]
[SourceTitle "Corr 2008"]
[Source "ChessBase"]
[SourceDate "2008.06.24"]
[SourceVersion "1"]
[SourceVersionDate "2008.06.24"]
[SourceQuality "1"]

1. d4 Nf6 2. c4 e6 3. Nc3 Bb4 4. f3 d5 5. Bg5 0-0 6. cxd5 exd5 7. Qb3 a5 8. a3 Be7 9. e3 Nh5 10. Bxe7 Qxe7 11. Nxd5 Qh4+ 12. Kd2 Be6 13. Qxb7 Nd7 14. Qxc7 Rfc8 15. Qd6 Bxd5 16. g3 Nxg3 17. Qxg3 Qf6 18. Bh3 Rcb8 19. b4 axb4 20. Bxd7 bxa3 21. Rxa3 Rb2+ 22. Kc1 Rb1+ 1-0

[Event "IECG TE.2004.S.01402"]
[Site "IECG email"]
[Date "2005.05.05"]
[Round "?"]
[White "Malmstroem, Jan"]
[Black "Feldmann, Guido"]
[Result "1-0"]
[WhiteElo "1965"]
[BlackElo "2212"]
[PlyCount "66"]
[EventDate "2005.05.10"]
[EventType "tourn (corr)"]
[EventRounds "8"]
[SourceTitle "Corr 2008"]
[Source "ChessBase"]
[SourceDate "2008.06.24"]
[SourceVersion "1"]
[SourceVersionDate "2008.06.24"]
[SourceQuality "1"]

1. d4 Nf6 2. c4 e6 3. Nc3 Bb4 4. f3 c5 5. d5 Bxc3+ 6. bxc3 Nh5 7. g3 f5 8. Bg2 d6 9. e4 0-0 10. f4 Nf6 11. e5 Ne4 12. Nh3 Qa5 13. Bb2 Qb6 14. Qb3 dxe5 15. Qxb6 axb6 16. Ke2 Re8 17. Ng5 Nxg5 18. fxg5 e4 19. Rhd1 Nd7 20. Bf1 Ne5 21. Kf2 Bd7 22. Bc1 Ba4 23. Re1 Nf3 24. Re3 Bb3 25. d6 Red8 26. Rxf3 exf3 27. Bf4 Ra4 28. Re1 Bxc4 29. Bxc4 Rxc4 30. Re3 Re4 31. Kxf3 Rxe3+ 32. Kxe3 b5 33. Be5 Kf7 1-0

[Event "IECG TE.2005.P.01828 email"]
[Site "IECG email"]
[Date "2005.03.24"]
[Round "?"]
[White "Komcharukova, Marina"]
[Black "Feldmann, Guido"]
[Result "1-0"]
[WhiteElo "800"]
[BlackElo "2212"]
[PlyCount "37"]
[EventDate "2005.03.24"]
[EventType "tourn (corr)"]
[EventRounds "6"]
[SourceTitle "Corr 2024"]
[Source "ChessBase"]
[SourceDate "2023.10.19"]
[SourceVersion "1"]
[SourceVersionDate "2023.10.19"]
[SourceQuality "1"]

1. d4 Nf6 2. c4 c5 3. d5 b5 4. Nf3 Bb7 5. Nc3 b4 6. Na4 e6 7. dxe6 fxe6 8. Be3 Na6 9. Bg5 Be7 10. e3 0-0 11. Bd3 d6 12. Qc2 b3 13. Qxb3 Rb8 14. Bxf6 Bxf6 15. Qc2 Qa5+ 16. Ke2 h6 17. Bh7+ Kh8 18. Nc3 Nb4 19. Qd2 1-0

[Event "IECG CM.2005.0.00267 email"]
[Site "IECG email"]
[Date "2005.01.30"]
[Round "?"]
[White "Feldmann, Guido"]
[Black "Ingersol, Harry"]
[Result "0-1"]
[WhiteElo "2221"]
[BlackElo "2317"]
[PlyCount "130"]
[EventDate "2005.01.30"]
[EventType "tourn (corr)"]
[EventRounds "6"]
[SourceTitle "Corr 2008"]
[Source "ChessBase"]
[SourceDate "2008.06.24"]
[SourceVersion "1"]
[SourceVersionDate "2008.06.24"]
[SourceQuality "1"]

1. d4 Nf6 2. c4 g6 3. Nc3 Bg7 4. e4 d6 5. Nf3 0-0 6. Be2 e5 7. Be3 Ng4 8. Bg5 f6 9. Bh4 Nc6 10. d5 Ne7 11. Nd2 Nh6 12. f3 g5 13. Bf2 f5 14. c5 g4 15. fxg4 Nxg4 16. Bxg4 fxg4 17. 0-0 Ng6 18. Nc4 dxc5 19. Bxc5 Rxf1+ 20. Qxf1 b6 21. Bf2 Ba6 22. b4 Qe7 23. b5 Bc8 24. Rb1 Nf4 25. Ne3 Bf8 26. Nc2 a6 27. Qc4 axb5 28. Nxb5 Bd7 29. Ne1 Bxb5 30. Rxb5 Qf7 31. Rb2 Ba3 32. Rd2 Rf8 33. Nd3 Bd6 34. a4 Qh5 35. Ne1 Kh8 36. Ra2 Qg5 37. Rc2 Qg6 38. Nd3 Nh5 39. Re2 g3 40. hxg3 Rg8 41. Qc3 Nxg3 42. Bxg3 Qxg3 43. Qd2 Qf3 44. Kh2 Qh5+ 45. Kg1 Rg4 46. Re1 Rg3 47. Rf1 Qg4 48. Qf2 Qg5 49. Qe2 Qe3+ 50. Qf2 Qxf2+ 51. Nxf2 Ra3 52. Re1 Kg7 53. Kf1 Kg6 54. Rc1 Rxa4 55. Rc3 h5 56. Rg3+ Kh6 57. Rh3 Bc5 58. Ng4+ Kg5 59. Nxe5 Rxe4 60. Nf3+ Kh6 61. Rg3 Rf4 62. Ke2 Rf5 63. Kd3 Rxd5+ 64. Ke4 Rd8 65. Ne5 Re8 0-1

[Event "IECG CM.2005.0.00267 email"]
[Site "IECG email"]
[Date "2005.01.30"]
[Round "?"]
[White "Feldmann, Guido"]
[Black "Wheeler, James M"]
[Result "1/2-1/2"]
[WhiteElo "2221"]
[BlackElo "2222"]
[PlyCount "89"]
[EventDate "2005.01.30"]
[EventType "tourn (corr)"]
[EventRounds "6"]
[SourceTitle "Corr 2008"]
[Source "ChessBase"]
[SourceDate "2008.06.24"]
[SourceVersion "1"]
[SourceVersionDate "2008.06.24"]
[SourceQuality "1"]

1. d4 Nf6 2. c4 c5 3. d5 b5 4. cxb5 a6 5. e3 axb5 6. Bxb5 Qa5+ 7. Nc3 Bb7 8. Nge2 Nxd5 9. 0-0 Nxc3 10. Nxc3 e6 11. e4 Bxe4 12. Bxd7+ Nxd7 13. Nxe4 Qa4 14. Qe2 Be7 15. b3 Qc6 16. Bb2 0-0 17. Rfd1 Ra7 18. Qg4 e5 19. Nc3 Rb8 20. Nd5 Bf8 21. Rd2 Rba8 22. Qc4 Kh8 23. Rad1 f6 24. a3 Nb6 25. Nxb6 Qxb6 26. Rd3 Rb8 27. Bc1 Qa6 28. Qc2 Qe6 29. a4 Rab7 30. Be3 h6 31. Rd5 Rxb3 32. Rd8 Qe7 33. Bxc5 Qc7 34. Rxf8+ Rxf8 35. Qxb3 Qxc5 36. h3 Ra8 37. Qf3 Qc8 38. Qa3 Qc4 39. a5 Kh7 40. Ra1 Ra6 41. Qf3 Qe6 42. Qb7 f5 43. Ra3 Qf6 44. Qd7 e4 45. Qb5 1/2-1/2

[Event "IECG CM.2005.0.00267 email"]
[Site "IECG email"]
[Date "2005.01.30"]
[Round "?"]
[White "Kovacevic, Antonijo"]
[Black "Feldmann, Guido"]
[Result "1-0"]
[WhiteElo "2204"]
[BlackElo "2221"]
[PlyCount "41"]
[EventDate "2005.01.30"]
[EventType "tourn (corr)"]
[EventRounds "6"]
[SourceTitle "Corr 2008"]
[Source "ChessBase"]
[SourceDate "2008.06.24"]
[SourceVersion "1"]
[SourceVersionDate "2008.06.24"]
[SourceQuality "1"]

1. d4 d5 2. c4 c6 3. Nf3 e6 4. g3 dxc4 5. Bg2 b5 6. 0-0 Bb7 7. a4 Nd7 8. Nc3 a6 9. Ne5 Ne7 10. Nxf7 Kxf7 11. Ne4 Ng6 12. Ng5+ Ke7 13. Bh3 e5 14. Qc2 Ke8 15. Bf5 Ne7 16. Be6 Nd5 17. Bf7+ Ke7 18. Qf5 Qb8 19. Bxd5 cxd5 20. axb5 Qe8 21. Rxa6 1-0